|
|
|
|
| LEADER |
01269nam a2200421 a 4500 |
| 001 |
nkc20051525490 |
| 003 |
CZ PrNK |
| 005 |
20060302075756.0 |
| 007 |
ta |
| 008 |
050303s2005 xr g f 000 0 cze |
| 015 |
|
|
|a cnb001525490
|
| 020 |
|
|
|a 80-7033-891-1
|q (brož.)
|
| 035 |
|
|
|a (OCoLC)85151725
|
| 040 |
|
|
|a BOA001
|b cze
|d OLA001
|d ABA001
|
| 041 |
0 |
|
|a cze
|a eng
|
| 072 |
|
7 |
|a 811.111
|x Angličtina
|2 Konspekt
|9 11
|
| 080 |
|
|
|a 811.111
|2 MRF
|
| 080 |
|
|
|a 81'355
|2 MRF
|
| 080 |
|
|
|a 81'373.423
|2 MRF
|
| 080 |
|
|
|a (035)
|2 MRF
|
| 100 |
1 |
|
|a Kraus, Kamil
|7 xx0004740
|4 aut
|
| 245 |
1 |
0 |
|a Souzvučná slova v angličtině /
|c Kamil Kraus
|
| 250 |
|
|
|a 1. vyd.
|
| 260 |
|
|
|a Praha :
|b Olympia,
|c 2005
|
| 300 |
|
|
|a 84 s. ;
|c 20 cm
|
| 650 |
0 |
7 |
|a angličtina
|7 ph114056
|2 czenas
|
| 650 |
0 |
7 |
|a výslovnost
|7 ph120514
|2 czenas
|
| 650 |
0 |
7 |
|a homonyma
|7 ph139211
|2 czenas
|
| 650 |
0 |
9 |
|a English language
|2 eczenas
|
| 650 |
0 |
9 |
|a pronunciation
|2 eczenas
|
| 650 |
0 |
9 |
|a homonyms
|2 eczenas
|
| 655 |
|
7 |
|a příručky
|7 fd133209
|2 czenas
|
| 655 |
|
9 |
|a handbooks and manuals
|2 eczenas
|
| 910 |
2 |
|
|a BOA001
|b 2-1161.319
|
| 990 |
|
|
|a BK
|
| 995 |
|
|
|a 01
|
| 991 |
|
|
|b 200601
|c NOV
|
| 996 |
6 |
|
|b 2610268411
|c 2-1161.319
|l MZK
|r Sklad / do 1 hodiny
|n 1
|p p.v.
|w 000801589
|u 000010
|a 1
|e BOA001
|j MZK50
|s P
|